000 00652nam a2200253Ia 4500
003 OSt
005 20221007111016.0
006 a|||||r|||| 00| 0
007 ta
008 221006b |||||||| |||| 00| 0 eng d
024 _a22,374
037 _cTextual
040 _aLCO
_cLCO
_beng
041 _2eng
_aeng
082 _aX7244, M4
100 _aSanthanam R.
245 0 _aTax Planning in Respect of Salaries and Perquisites
250 _a5th
260 _aNew
_bDelhi Commercial Publishing House India
_c1984
300 _a574
650 _aTAX
942 _hX7244, M4
_cTEXL
999 _c1191937
_d1191937